Handbook of linear Integrated electronics for research / (Record no. 194245)
[ view plain ]
| 000 -LEADER | |
|---|---|
| fixed length control field | 00770 a2200169 4500 |
| 003 - CONTROL NUMBER IDENTIFIER | |
| control field | Nust |
| 005 - DATE AND TIME OF LATEST TRANSACTION | |
| control field | 20221129160642.0 |
| 040 ## - CATALOGING SOURCE | |
| Transcribing agency | Nust |
| 082 ## - DEWEY DECIMAL CLASSIFICATION NUMBER | |
| Classification number | 621.3815,HAM |
| 100 ## - MAIN ENTRY--PERSONAL NAME | |
| Personal name | Hamilton ,T.D.S. |
| 9 (RLIN) | 75386 |
| 245 ## - TITLE STATEMENT | |
| Title | Handbook of linear Integrated electronics for research / |
| Statement of responsibility, etc. | T.D.S. Hamilton |
| 260 ## - PUBLICATION, DISTRIBUTION, ETC. | |
| Place of publication, distribution, etc. | London |
| Name of publisher, distributor, etc. | McGraw-Hill |
| Date of publication, distribution, etc. | 1983 |
| 300 ## - PHYSICAL DESCRIPTION | |
| Extent | ix,429 p. |
| 505 ## - FORMATTED CONTENTS NOTE | |
| Formatted contents note | Review of Basic Circuit Theory (Page-1), Operational Amplifiers (Page-68), Stability of Feedback Systems (Page-120), Amplifiers (Page-143), Oscillators (Page-229), Circuits Functions (Page-260), Power Supplies (Page-297), Circuit Devices (Page-342), Optoelectronics (Page-375), Signal Detection (Page-419), Applications (Page-436). |
| 650 ## - SUBJECT ADDED ENTRY--TOPICAL TERM | |
| Topical term or geographic name entry element | Telecommunication engineering |
| 942 ## - ADDED ENTRY ELEMENTS (KOHA) | |
| Source of classification or shelving scheme | |
| Koha item type | Book |
| Withdrawn status | Lost status | Source of classification or shelving scheme | Damaged status | Not for loan | Permanent Location | Current Location | Shelving location | Date acquired | Full call number | Barcode | Date last seen | Price effective from | Koha item type | Public note |
|---|---|---|---|---|---|---|---|---|---|---|---|---|---|---|
| Military College of Signals (MCS) | Military College of Signals (MCS) | General Stacks | 12/12/2016 | 621.3815,HAM | MCS5895 | 12/08/2016 | 12/12/2016 | Book | Almirah No.33, Shelf No.1 |
